00562nam a2200205 a 4500001001300000003000900013005001700022008004100039020002300080082002000103100002000123245003800143260005100181300000900232500003500241505001000276650002400286650002600310700002000336nice12345678IN_TiNIC20260116013130.0050524s1985 pena grp 000 0 eng  a0812261 c40500a305.420973bJOR aJordan, Rosan A aWomen`s Folklore, Women`s Culture aPennsylvaniabUniversity of Pennsylvaniac1985 a245p aincludes index and biblioraphy2 aNotes aWomen-United States aFolk Literative Women1 aJordan, Rosan A